Las grandes direcciones de la filosofía : síntesis propedéutica

Salvato in:
Dettagli Bibliografici
Autore principale: Bueno, Miguel
Natura: Libro
Lingua:Spanish
Pubblicazione: México, Distrito Federal Fondo de Cultura Económica 1957
Soggetti:
Tags: Aggiungi Tag
Nessun Tag, puoi essere il primo ad aggiungerne!!

MARC

LEADER 00000nam a2200000Ia 4500
008 170316s9999 xx 000 0 spa d
040 |a cru BVZT 
090 |a H-100 B-4g 
100 |a Bueno, Miguel 
245 |a Las grandes direcciones de la filosofía : síntesis propedéutica  |c Miguel Bueno 
260 |a México, Distrito Federal 
260 |b Fondo de Cultura Económica 
260 |c 1957 
300 |a 325 páginas 
650 |a FILOSOFÍA  |9 5 
650 |a HISTORIA  |9 90 
999 |c 28873  |d 28873 
942 |c 4 D  |h H-100 B-4g  |2 z